Most Guessed Countries by Language - Statistics

General Stats
  • This quiz has been taken 98 times
  • The average score is 61 of 80
Answer Stats
Answer % Correct
Germany
97%
United Kingdom
97%
United States
97%
China
95%
France
94%
India
94%
Greece
93%
Italy
93%
Russia
93%
Finland
92%
Sweden
92%
Estonia
91%
Ireland
91%
Japan
91%
Norway
91%
Serbia
91%
Spain
91%
Brazil
90%
Indonesia
90%
Netherlands
90%
Thailand
90%
Albania
88%
Canada
88%
Czech Republic
88%
Hungary
88%
Mexico
88%
Slovakia
88%
Croatia
87%
Denmark
87%
Iran
87%
Lithuania
87%
Poland
87%
Portugal
87%
South Korea
87%
Ukraine
87%
Australia
86%
Bulgaria
86%
Romania
86%
Slovenia
86%
Turkey
86%
Vietnam
86%
Iceland
85%
Latvia
85%
New Zealand
85%
Egypt
84%
Samoa
84%
Uzbekistan
84%
Azerbaijan
83%
Malta
83%
Argentina
81%
Israel
81%
Belgium
79%
Philippines
79%
Bosnia and Herzegovina
78%
Nepal
78%
Pakistan
77%
Laos
71%
Malaysia
71%
Morocco
71%
Algeria
70%
Kazakhstan
66%
Bangladesh
64%
Belarus
62%
Tonga
62%
Afghanistan
59%
Peru
57%
Tuvalu
57%
Niger
55%
Bhutan
52%
D.R. Congo
49%
Vanuatu
49%
Kiribati
48%
Nauru
48%
Republic of the Congo
41%
Andorra
36%
Cuba
36%
Sudan
36%
Haiti
26%
Angola
21%
Ghana
20%
No matching quizzes found
Score Distribution
Percent of People with Each Score
Percentile by Number Answered
Your Score History
You have not taken this quiz